000 02134nam a2200265 4500
005 20250329165417.0
007 ta
008 180709s2021 000 0 eng d
040 _aCO-CtgCURN
_bspa
_ccoctgcurn
082 0 _aBAC 2021
_bM779
100 1 _aMontes Álvarez, Andrés Camilo.
245 1 0 _aPortación de Staphylococcus aureus en mascotas :
_buna revisión de literatura /
_cAndrés Camilo Montes Álvarez, Mónica Patricia Montoya Torrente, Stephany Romero Meléndez.
260 _c2021.
260 1 _aCartagena de Indias : :
_bCorporación Universitaria Rafael Nuñez,,
_c2021.
300 _a15 hojas.
504 _aTrabajo de grado (Bacteriologia). Corporación Universitaria Rafael Nuñez. Facultad de Ciencias de la salud. Bacteriologia, 2021.
520 _a"La colonización de la nariz con S. aureus es utilizada para evaluar la exposición humana a S. aureus asociado con mascotas. Los animales de compañía, son colonizados por estas bacterias, convirtiéndose en un reservorio para reinfectar a sus dueños. En algunas ocasiones, esta bacteria puede producir infecciones como otitis y pioderma cuando las barreras mucosas y de la piel se ven afectadas por factores predisponentes como dermatitis atópica, procedimientos quirúrgicos o desordenes inmunosupresivos. La transmisión bidireccional de esta bacteria es un reto para la salud pública, debido a que es una importante causa de morbilidad y mortalidad tanto en humanos como animales, además de su capacidad para adquirir genes de resistencia que pueden transmitir a estafilococos comensales e inclusos a otros géneros bacterianos. "
650 1 4 _aBacteriologia
_vTesis y disertaciones academicas.
700 1 _aMontoya Torrente, Mónica Patricia.
700 1 _aRomero Meléndez, Stephany.
856 _uhttps://unicurn.sharepoint.com/:b:/s/biblioteca/EdIrK-foD0ZIl3S7hbEBrSoB4p--8h08lxDx6nEYD27r7w?e=GTGGi2
_zClick aqui para ver el recurso en texto completo
856 7 _zClick aqui para ver el recurso en texto completo
942 _2ddc
_cTG
_hBAC 2021
_iM779
999 _c3076
_d3076